Statistics for Top 15 Least Populated U.S. States

Click here to take the quiz!

General Stats

  • This quiz has been taken 47 times
  • The average score is 14 of 15

Answer Stats

PopulationState% Correct
646KVermont
100%
1.36MMaine
98%
738KAlaska
96%
1.47MHawaii
96%
1.89MIdaho
96%
800KNorth Dakota
96%
1.38MNew Hampshire
93%
1.10MRhode Island
93%
901KSouth Dakota
93%
1.10MMontana
91%
579KWyoming
91%
1.00MDelaware
89%
1.98MNebraska
87%
1.78MWest Virginia
83%
2.12MNew Mexico
78%

Score Distribution

Percentile by Number Answered

Percent of People with Each Score

Your Score History

You have not taken this quiz